| 000 | 00817nas a2200277 4500 | ||
|---|---|---|---|
| 001 | BR9100624 | ||
| 003 | BR-BrBNA | ||
| 005 | 20231205091919.0 | ||
| 007 | ta | ||
| 008 | 230509b bl.|||p| |||| 00| 00por d | ||
| 040 |
_aBR-BrBNA _bpor _cBiblioteca Nacional de Agricultura |
||
| 041 | _a(Pt) | ||
| 072 | _aK50 | ||
| 100 | 1 | _aMaciel, A.S. | |
| 100 | 1 | _aVital, B.R. | |
| 100 | 1 | _aValente, O.F. | |
| 100 | 1 | _aLelles, J.G. | |
| 100 | 1 | _aOliveira, J.S. | |
| 245 | 1 |
_aProducao de adesivo a partir de derivados fenolicos do alcatrao vegetal _bParte de tese |
|
| 650 | _aALCATRAO | ||
| 650 | _aADESIVO | ||
| 650 | _aINDUSTRIA FLORESTAL | ||
| 773 | 0 |
_tRevista Ceres (Brazil) _xISSN 0034-737X _g(Sep-Oct 1989), v. 36(207) p. 414-421 _wBR9100624 |
|
| 909 |
_a202311 _bLúcia _c55 _dLúcia Elande |
||
| 942 |
_2AGRIS _n0 _cANA |
||
| 999 |
_c128119 _d128119 |
||